Asomiya natya sahitya : (Record no. 2640)

MARC details
000 -LEADER
fixed length control field 00587cam a2200205ua 4500
008 - FIXED-LENGTH DATA ELEMENTS--GENERAL INFORMATION
fixed length control field 110908n ii |||gr||||Z||||||asm
040 ## - CATALOGING SOURCE
Transcribing agency MAIN
082 ## - DEWEY DECIMAL CLASSIFICATION NUMBER
Classification number 891.4512
100 ## - MAIN ENTRY--PERSONAL NAME
Personal name Rahbongshi, Paramananda,
245 11 - TITLE STATEMENT
Title Asomiya natya sahitya :
Remainder of title parampara aru paribartan /
Statement of responsibility, etc. by Paramananda Rajbongshi
250 ## - EDITION STATEMENT
Edition statement 1st.
260 ## - PUBLICATION, DISTRIBUTION, ETC.
Place of publication, distribution, etc. Guahati:
Name of publisher, distributor, etc. Publication board assam,
Date of publication, distribution, etc. 2007.
300 ## - PHYSICAL DESCRIPTION
Extent 144p:
Dimensions 23cm.
700 1# - ADDED ENTRY--PERSONAL NAME
Personal name Islam, Nosifa,
Relator term
700 1# - ADDED ENTRY--PERSONAL NAME
Personal name Kherkatari, Karabi,
Relator term
942 ## - ADDED ENTRY ELEMENTS (KOHA)
Koha item type Books
653 ## - INDEX TERM--UNCONTROLLED
Uncontrolled term Assamese drama
653 ## - INDEX TERM--UNCONTROLLED
Uncontrolled term Asomiya natya sahitya
Holdings
Withdrawn status Lost status Damaged status Not for loan Home library Current library Shelving location Date acquired Total Checkouts Full call number Barcode Date last seen Date last checked out Copy number Price effective from Koha item type
        Central Library, Naharkatiya College Central Library, Naharkatiya College General Stacks 19/09/2020 1 891.4512 | ZAM 18931 02/11/2024 07/10/2024 1 19/09/2020 Books

Naharkatiya College © 2020. All rights reserved.

Powered By